Загрузка...
Gady Kusum- 3 /
| Формат: | Printed Book |
|---|---|
| Язык: | Hindi |
| Опубликовано: |
Dashin Bharat Hindi Prachar Sabha ,
1968.
|
| LEADER | 00341nam a2200109Ia 4500 | ||
|---|---|---|---|
| 008 | 150624b xxu||||| |||| 00| | hin d | ||
| 245 | |a Gady Kusum- 3 / | ||
| 260 | |b Dashin Bharat Hindi Prachar Sabha , |c 1968. | ||
| 546 | |a In Hindi. | ||
| 942 | |c BK | ||
| 999 | |c 88409 |d 88409 | ||
| 952 | |0 1 |1 0 |4 0 |7 0 |9 88353 |a UL |b UL |c ST1 |d 1998-09-01 |l 0 |p 13157 |r 2012-10-27 |w 2012-10-27 |y BK | ||